000 01110nam a2200361 i 4500
001 14589
003 KOSZ 005
005 20200124085022.0
008 071008s1972 pl a g |000 0 pol
015 _aPB 1972/5703
035 _a(OCoLC)749405259
040 _aWA N
_cWA N
_dKOSZ 005/EC
041 _apol
046 _k1965
080 _a696/697
080 _a728
650 4 _aInstalacje
650 4 _aBudownictwo jednorodzinne
999 _c14589
_d14589
999 _bss
100 1 _aPiotrowski, Jan
_c(inżynier).
_eAutor
245 1 0 _aInstalacje w domkach jednorodzinnych /
_cJan Piotrowski, Aleksander Lauter.
260 _aWarszawa :
_b"Arkady",
_c1972.
300 _a223 s., [1] k. tabl. :
_bil., mapa ;
_c23 cm.
380 _aKsiążki.
388 _a1901-2000
388 _a1945-1989
500 _a1972 Międzynarodowy Rok Książki.
504 _aBibliogr.
700 1 _aLauter, Aleksander.
_eAutor
710 2 _aWydawnictwo "Arkady".
_4pbl.
856 _uhttp://koha.tu.koszalin.pl/cgi-bin/koha/opac-detail.pl?biblionumber=14589
_yKatalog online BPK
942 _2UKD
_cKS